| 000 | 02425cam a2200505 i 4500 | ||
|---|---|---|---|
| 999 |
_c64013 _d64013 |
||
| 001 | 4454201 | ||
| 003 | CO-MdFUSB | ||
| 005 | 20190202100246.0 | ||
| 008 | 951109t1996 nyu f b 001 0 eng | ||
| 010 | _a 95050123 | ||
| 020 | _a1570750688 (alk. paper) | ||
| 040 |
_aDLC _cCO-MdFUSB _dCO-MdFUSB _bspa _erda |
||
| 041 | 1 |
_aeng _hspa |
|
| 082 | 0 | 0 |
_224 _aG 230.0464 _bSY995s |
| 130 | 0 |
_kSelections. _lEnglish. |
|
| 245 | 1 | 0 |
_aSystematic theology _b: perspectives from liberation theology : readings from Mysterium liberationis _c/ Editado por Jon Sobrino y Ignacio Ellacuría. |
| 264 | 1 |
_aMaryknoll, N.Y. : _bOrbis Books, _c℗[1996} |
|
| 264 | 4 | _c©1996 | |
| 300 |
_axiii, 302 páginas : _c24 cm. |
||
| 336 |
_2rdacontent _a1 _ba1 |
||
| 337 |
_2rdamedia _a2 _b5 |
||
| 338 |
_2rdacarrier _a2 _b5 |
||
| 504 | _aIncluye índice (páginas. 299- 302) | ||
| 504 | _aBibliografía (págnas. 291- 296) | ||
| 505 | _aMetodología de la Teología de la Liberación / Clodovis Boff -- Opción para los pobres / Gustavo Gutiérrez -- Posición central del reinado de Dios en la Teología de la Liberación / Jon Sobrino -- Trinity / Leonardo Boff -- Dios el Padre / Ronaldo Muñoz -- Jesús de Nazaret, Cristo el libertador / Carlos Bravo -- Cristología Sistemática: Jesucristo, el Mediador Absoluto del Reino de Dios / Jon Sobrino -- El Espíritu Santo / José Comblin -- María / Ivone Gebara y María Clara Bingemer -- Eclesiología en la Teología de la Liberación / Álvaro Quiroz Magaña -- Pecado / José Ignacio González Faus -- Gracía / José Comblin -- Sacramentos / Victor Codina -- Espiritualidad y el seguimiento de Jesús / Jon Sobrino -- Los Crucificados / Ignacio Ellacuría -- Esperanza, Utopía, Resurrección / Joao Batista Libanio | ||
| 650 | 7 |
_aTeología doctrinal _2 _9179 |
|
| 650 | 7 |
_aTeología de la liberación _9449 |
|
| 700 | 1 | _aSobrino, Jon. | |
| 700 | 1 | _aEllacuría, Ignacio. | |
| 720 | _aBingemer, María Clara | ||
| 720 | _aBoff, Clodovis | ||
| 720 | _aBoff, Leonardo | ||
| 720 | _aBravo, Carlos | ||
| 720 | _aCodina, Victor | ||
| 720 | _aComblin, José | ||
| 720 | _aGebara, Ivone | ||
| 720 | _aGutiérrez, Gustavo | ||
| 720 | _aLibanio, Joao Batista | ||
| 720 | _aMuñoz, Ronaldo | ||
| 720 | _aQuiroz Magaña, Alvaro | ||
| 906 |
_a7 _bcbc _corignew _d1 _eocip _f19 _gy-gencatlg |
||
| 942 | _cBK | ||